| 000 | 00975nas a2200313 4500 | ||
|---|---|---|---|
| 001 | BR2013009920 | ||
| 003 | BR-BrBNA | ||
| 005 | 20231205123351.0 | ||
| 007 | ta | ||
| 008 | 230509b bl.|||p| |||| 00| 00por d | ||
| 040 |
_aBR-BrBNA _bpor _cBiblioteca Nacional de Agricultura |
||
| 041 | _a(Pt) | ||
| 072 | _aP35 | ||
| 100 | 1 | _aStafanato, J.B. | |
| 100 | 1 | _aGoulart, R. de S. | |
| 100 | 1 | _aZonta, E. | |
| 100 | 1 | _aLima, E. | |
| 100 | 1 | _aMazur, N. | |
| 100 | 1 | _aPereira, C.G. | |
| 100 | 1 | _aSouza, H.N. de | |
| 245 | 1 | _aVolatização de amônia oriunda de ureia pastilhada com micronutrientes em ambiente controlado | |
| 650 | _aFERTILIDADE DO SOLO | ||
| 650 | _aUREASE | ||
| 650 | _aEVAPORAÇÃO | ||
| 773 | 0 |
_tRevista Brasileira de Ciência do Solo (Brazil) _xISSN 0100-0683 _g(May-Jun 2013), v. 37(3) p. 726-732 _wBR2013009920 |
|
| 856 | 4 | 0 | _uhttp://www.scielo.br/pdf/rbcs/v37n3/19.pdf |
| 909 |
_a202311 _bLúcia _c55 _dLúcia Elande |
||
| 942 |
_2AGRIS _n0 _cANA |
||
| 999 |
_c233526 _d233526 |
||